000 01392cam0 2200361 ib4500
001 BY-MA0022-br338461
005 20250825144918.0
010 ^a978-5-17-168071-8
^bв переплете
100 ^a20250331d2024 d y0rusy50 ca
101 0 ^arus
102 ^aRU
105 ^aa z 000ay
109 ^ama
200 1 ^aЧеллендж, или Мишка_на_Севере
^e[повесть]
^eдля среднего школьного возраста
^fЕлена Бурак
210 ^aМосква
^cАСТ
^d2024
215 ^a158, [1] с.
^cил.
^d21 см
225 1 ^aСерия "Мой первый роман"
333 ^a12+
345 ^93000 экз.
606 ^aХУДОЖЕСТВЕННАЯ ЛИТЕРАТУРА
^3BY-NLB-ar37179
^2DVNLB
608 ^aДЕТСКАЯ И ЮНОШЕСКАЯ ЛИТЕРАТУРА (художеств. произведение)
^3BY-NLB-ar9019
^2BYGNR
608 ^aПОВЕСТЬ
^3BY-NLB-ar23936
^2BYGNR
686 ^a84(2=411.2)6
^2rubbk
690 ^a1
^2Base
^9BY-MI0021
^xRSEK
700 1 ^aБурак
^bЕ. С.
^gЕлена Сергеевна
801 0 ^aBY
^bBY-MA0022
^c20250331
^gRCR
801 2 ^aBY
^bBY-VI0015
^c20250806
^gRCR
801 2 ^aBY
^bBY-MI0021
^c20250818
^gRCR
035 ^a(BY-MI0021)BY-MA0022-br338461
899 0 ^aBY-MI0021
^iБ91
^h84(2=411.2)6